Find That Movie! III Quiz Stats

 Plays Quiz Updated Sep 3, 2016

Challenge
Share
Tweet
Score 0/20 Timer 08:00
38 Plays Today
% Correct
Correct! D is Titanic
98.2%
Correct! C is Taken
96.1%
Correct! B is Grease
95.5%
Correct! B is The Sixth Sense
83.4%
Correct! D is Catwoman
76.2%
Correct! B is Chaplin
71.8%
Correct! B is Shaun of the Dead
67.9%
Correct! A is The American President
67%
Correct! B is Raiders of the Lost Ark
64.2%
Correct! A is Che
62.7%
% Correct
Correct! B is Mission Impossible: Ghost Protocol
57.8%
Correct! C is Star Trek II: The Wrath of Khan
56.2%
Correct! C is Downfall
52.3%
Correct! A is Goldfinger
49.2%
Correct! B is Midnight Cowboy
47.1%
Correct! D is Catch Me If You Can
45.5%
Correct! B is Nixon
40.1%
Correct! C is Mandela: Long Walk to Freedom
39.2%
Correct! D is Ghost
35.5%
Correct! A is Strangers on a Train
31.2%

You're not logged in!

Compare scores with friends on all Sporcle quizzes.
Join for Free
OR
Log In

You Might Also Like...

Show Comments

Extras

Top Quizzes Today


Score Distribution

Your Account Isn't Verified!

In order to create a playlist on Sporcle, you need to verify the email address you used during registration. Go to your Sporcle Settings to finish the process.

Report this User

Report this user for behavior that violates our Community Guidelines.

Details: